Handbook of noise and vibration control (Record no. 1238)

000 -LEADER
fixed length control field 00410nam a2200145 4500
008 - FIXED-LENGTH DATA ELEMENTS--GENERAL INFORMATION
fixed length control field 200115b ||||| |||| 00| 0 eng d
082 00 - DEWEY DECIMAL CLASSIFICATION NUMBER
Classification number 620.23
Item number W2952
100 ## - MAIN ENTRY--PERSONAL NAME
9 (RLIN) 824
Personal name Warring, R. H.
245 10 - TITLE STATEMENT
Title Handbook of noise and vibration control
250 ## - EDITION STATEMENT
Edition statement 2nd ed.
260 ## - PUBLICATION, DISTRIBUTION, ETC. (IMPRINT)
Place of publication, distribution, etc Morden
Name of publisher, distributor, etc Trade and technical Press
Date of publication, distribution, etc [n.d.]
300 ## - PHYSICAL DESCRIPTION
Extent xii, 609 p.
650 #0 - SUBJECT ADDED ENTRY--TOPICAL TERM
Topical term or geographic name as entry element Noise Control
942 ## - ADDED ENTRY ELEMENTS (KOHA)
Source of classification or shelving scheme
Item type Books
Holdings
Withdrawn status Lost status Source of classification or shelving scheme Damaged status Not for loan Permanent location Current location Date acquired Full call number Barcode Date last seen Koha item type
          IMU Kolkata IMU Kolkata 1975-07-31 620.23 W2952 04289 2020-01-15 Books
Designed and Maintained by IMU-KC Library, Kolkata Campus © Copyright All Rights Reserved

webs counters

Powered by Koha